Top 20 Indian Cities by Population - Statistics

General Stats
  • This quiz has been taken 43 times
  • The average score is 15 of 20
Answer Stats
Population Answer % Correct
12,442,373 Mumbai
100%
5,570,585 Ahmedabad
97%
8,436,675 Bangalore
97%
4,486,679 Kolkata
97%
11,007,835 Delhi
95%
4,681,087 Chennai
92%
6,809,970 Hyderabad
89%
1,727,692 Pimpri-Chinchwad
89%
3,115,431 Pune
89%
2,815,601 Lucknow
84%
4,467,797 Surat
78%
3,046,163 Jaipur
76%
1,960,631 Indore
65%
2,767,031 Kanpur
65%
2,405,665 Nagpur
62%
1,795,648 Bhopal
57%
1,684,222 Patna
57%
1,670,806 Vadodara
32%
1,730,320 Visakhapatnam
24%
1,818,872 Thane
16%
No matching quizzes found
Score Distribution
Percent of People with Each Score
Percentile by Number Answered
Your Score History
You have not taken this quiz